Statistiche per Indovina la Capitale Europea dal Paese casuale

Clicka qui per fare il quiz!

Statistiche generali

  • Questo quiz è stato fatto 802 volte
  • Il punteggio medio è 9 su 10

Statistiche sulle risposte

PaeseCapitale% Corretto
GermaniaBerlino
99%
FranciaParigi
99%
PortogalloLisbona
98%
San MarinoSan Marino
98%
ItaliaRoma
97%
Città del VaticanoCittà del Vaticano
96%
IrlandaDublino
95%
SpagnaMadrid
95%
MonacoMonaco
95%
Paesi BassiAmsterdam
94%
RussiaMosca
94%
AustriaVienna
94%
GreciaAtene
93%
UcrainaKiev
93%
Regno UnitoLondra
93%
NorvegiaOslo
93%
AlbaniaTirana
93%
BelgioBruxelles
92%
LussemburgoLussemburgo
92%
MaltaLa Valletta
91%
BulgariaSofia
91%
UngheriaBudapest
90%
RomaniaBucarest
89%
Repubblica CecaPraga
89%
FinlandiaHelsinki
88%
SvizzeraBerna
87%
DanimarcaCopenaghen
87%
BielorussiaMinsk
86%
PoloniaVarsavia
85%
IslandaReykjavík
83%
LettoniaRiga
81%
EstoniaTallinn
81%
Bosnia ed ErzegovinaSarajevo
79%
SveziaStoccolma
78%
AndorraAndorra la Vella
77%
SlovacchiaBratislava
77%
SerbiaBelgrado
75%
CroaziaZagabria
75%
LituaniaVilnius
74%
SloveniaLubiana
71%
LiechtensteinVaduz
71%
Macedonia del NordSkopje
70%
MoldaviaChișinău
66%
MontenegroPodgorica
62%
KosovoPristina
60%

Distribuzione punteggi

Percentile per numero di risposta

Percentuale di utenti per punteggio

I tuoi punteggi nel tempo

Non hai fatto questo quiz